000
00330nam a2200133Ia 4500
008
191014s9999 xx 000 0 und d
020
_a
LC 63-19984
082
_a
539.721
_b
NIS
100
_a
K. Nishijima
_9
20387
245
0
_a
Fundamental Particles
260
_a
USA
_b
W.A.Benjamin Inc.
_c
1963
300
_a
Xi,408
942
_c
BK
999
_c
530966
_d
530966